000 00399nam a2200157 a 4500
001 34142
005 20180714002221.0
008 140415s1967 000 0 spa d
041 _aspa
082 _a200
_bMIR
100 1 _aMIRANDA, FELIX R.
245 1 0 _aRELIGION NUEVA?
260 _a[s.l.] :
_bEDUARDO SALAZAR F. E HIJOS,
_c1967
300 _a250
650 1 4 _aMORAL
_xRELIGION
999 _c34142
_d34142